000 00861pam a2200277 a 4500
001 3488062
005 20210414114131.0
008 940802s1995 nyu 000 1 eng
010 _a 94031906
020 _a1559702664
040 _aDLC
_cDLC
_dOCoLC
_dDLC
043 _an-us-pa
050 0 0 _aPS3569.P4458L67
082 0 0 _a813/.54
_220
100 1 _aSpencer, Brent.
245 1 4 _aThe lost son : a novel. /
_cby Brent Spencer.
250 _a1st ed.
260 _aNew York :
_bArcade Pub.,
_cc1995.
300 _a225 p. ;
_c25 cm.
650 0 _aMothers and sons
_xFiction.
651 0 _aPennsylvania
_xFiction.
655 7 _aDomestic fiction.
_2lcsh
906 _a7
_bcbu
_corignew
_d1
_eocip
_f19
_gy-gencatlg
942 _2lcc
_cBK
999 _c2198
_d9698